000 00534nam a22001697a 4500
003 UA-OsUOA
001 8445
007 ta
008 20040903b un ||||| |||| 00| 0 ukr d
942 _cSA
040 _aUA-OsUOA
_cUA-OsUOA
_dUA-OsUOA
245 _aПередвиборна програма кандидата на пост Президента України Кононова Віталія Миколайовича
300 _aС.4
955 _a0
773 0 _w0
_tГолос України
_dКиїв
_d2004
_gN160
650 7 _2UDC
999 _c294606
_d294606